[Event "DEM U14w 2013"]
[Site "Oberhof GER"]
[Date "2013.05.21"]
[Round "5"]
[White "Brandl, Lea"]
[Black "Richardt, Angelina"]
[Result "1-0"]
[Termination "normal"]
[Board "10"]
[WhiteElo "1708"]
[BlackElo "1398"]
[PlyCount "73"]
[WhiteFideId "24693049"]
[BlackFideId "12938149"]
[EventCountry "GER"]
[EventRounds "9"]
[EventType "swiss"]
[EventDate "2013.05.18"]

1. d4 Nf6 2. c4 d6 3. Nc3 Nbd7 4. e4 e5 5. Nf3 Be7 6. Be2 O-O 7. O-O c6 8. Re1
Qc7 9. Rb1 a6 10. b4 b5 11. a3 Bb7 12. Qc2 Rac8 13. Bd2 Rfd8 14. Rbc1 Re8 15.
Qb3 exd4 16. Nxd4 Qb6 17. Nf5 Bf8 18. cxb5 axb5 19. Be3 Qd8 20. f3 Re6 21. a4
bxa4 22. Nxa4 d5 23. Bf2 dxe4 24. Bc4 Nd5 25. fxe4 Rf6 26. Bh4 Nxb4 27. e5 c5
28. exf6 Nxf6 29. Bxf7+ Kh8 30. Rcd1 Qc7 31. Bxf6 gxf6 32. Be6 Rb8 33. Rd7 Qc6
34. Rxh7+ Kxh7 35. Qh3+ Kg6 36. Qg4+ Kh7 37. Qh5+ 1-0

[Event "DEM U14w 2013"]
[Site "Oberhof GER"]
[Date "2013.05.21"]
[Round "5"]
[White "Döpper, Anna Berenice"]
[Black "Bach, Kira"]
[Result "1-0"]
[Termination "normal"]
[Board "11"]
[WhiteElo "1532"]
[BlackElo "1465"]
[PlyCount "99"]
[WhiteFideId "1271853"]
[BlackFideId "12907677"]
[EventCountry "GER"]
[EventRounds "9"]
[EventType "swiss"]
[EventDate "2013.05.18"]

1. e4 e6 2. d4 d5 3. exd5 exd5 4. Nf3 Bd6 5. c4 dxc4 6. Bxc4 Qe7+ 7. Be3 Be6 8.
d5 Bg4 9. O-O Qd8 10. Re1 Be7 11. Bc5 Nd7 12. Ba3 Rb8 13. Nc3 a6 14. d6 cxd6
15. Bxd6 Rc8 16. Bb3 Kf8 17. Bxe7+ Nxe7 18. Bxf7 Nf6 19. Qxd8+ Rxd8 20. Ne5 Bh5
21. Bxh5 Nxh5 22. Rad1 Re8 23. Ne4 Nf6 24. Nc5 Nc6 25. Ned7+ Nxd7 26. Rxe8+
Kxe8 27. Nxd7 Kf7 28. Nc5 Rd8 29. Rxd8 Nxd8 30. Kf1 Ke7 31. Ke2 Kd6 32. Ne4+
Ke5 33. Ke3 h6 34. Nc5 Kd5 35. Nd3 Ne6 36. Nf4+ Nxf4 37. Kxf4 Ke6 38. Ke4 g6
39. h3 b5 40. b4 Kd6 41. f4 h5 42. g4 h4 43. f5 g5 44. f6 Ke6 45. f7 Kxf7 46.
Kf5 Kg7 47. Kxg5 Kh7 48. Kf6 Kg8 49. Kg6 Kf8 50. Kh7 1-0

[Event "DEM U14w 2013"]
[Site "Oberhof GER"]
[Date "2013.05.21"]
[Round "5"]
[White "Hacklinger, Dilan"]
[Black "Kast, Larissa"]
[Result "1/2-1/2"]
[Termination "normal"]
[Board "12"]
[WhiteElo "1313"]
[BlackElo "1680"]
[PlyCount "75"]
[WhiteFideId "12952150"]
[BlackFideId "24699055"]
[EventCountry "GER"]
[EventRounds "9"]
[EventType "swiss"]
[EventDate "2013.05.18"]

1. e4 e5 2. f4 exf4 3. Nf3 Ne7 4. d4 d5 5. Nc3 dxe4 6. Nxe4 Ng6 7. Bc4 Be7 8.
O-O O-O 9. Qd3 Bf5 10. Bd2 Nc6 11. c3 Na5 12. Rae1 Bd6 13. b4 Nxc4 14. Qxc4 Be6
15. Qb5 Rb8 16. Qa4 a6 17. a3 b5 18. Qc2 Bc4 19. Rf2 Re8 20. Nxd6 Rxe1+ 21.
Nxe1 Qxd6 22. Qe4 Qd5 23. Qxd5 Bxd5 24. Bxf4 Nxf4 25. Rxf4 Re8 26. Nd3 Re3 27.
Rf5 c6 28. Re5 Rxe5 29. Nxe5 Kf8 30. Nd7+ Ke7 31. Nc5 Kf6 32. Kf2 Kf5 33. g3
Kg4 34. h4 Kf5 35. Nxa6 Ke4 36. Nc5+ Kf5 37. Na6 Ke4 38. Nc5+ 1/2-1/2

[Event "DEM U14w 2013"]
[Site "Oberhof GER"]
[Date "2013.05.21"]
[Round "5"]
[White "Möller, Hannah"]
[Black "Semenova, Alisa"]
[Result "0-1"]
[Termination "normal"]
[Board "13"]
[WhiteElo "1600"]
[BlackElo "1581"]
[PlyCount "138"]
[WhiteFideId "1270514"]
[BlackFideId "1272132"]
[EventCountry "GER"]
[EventRounds "9"]
[EventType "swiss"]
[EventDate "2013.05.18"]

1. c4 c6 2. g3 d5 3. b3 Nf6 4. Bb2 Nbd7 5. Bg2 e5 6. Nc3 d4 7. Ne4 Nxe4 8. Bxe4
Nf6 9. Bg2 Bc5 10. d3 Bb4+ 11. Kf1 Bf5 12. Nf3 Bd6 13. Qd2 h6 14. e3 dxe3 15.
Qxe3 Ng4 16. Qe2 O-O 17. h3 Nf6 18. Nxe5 Bxe5 19. Qxe5 Qxd3+ 20. Kg1 Rfe8 21.
Qf4 Re6 22. Kh2 Rae8 23. Qd4 Qxd4 24. Bxd4 b6 25. Bxf6 Rxf6 26. Rhe1 Rfe6 27.
Rxe6 Rxe6 28. a4 a5 29. Ra2 c5 30. g4 Bg6 31. f4 Bd3 32. Rd2 Bb1 33. f5 Re3 34.
Rb2 Be4 35. Bxe4 Rxe4 36. Kg2 Re3 37. h4 g6 38. fxg6 fxg6 39. Kh2 Kf7 40. g5
hxg5 41. hxg5 Ke6 42. Rf2 Ke7 43. Rf6 Re6 44. Rxe6+ Kxe6 45. Kg3 Kf5 46. Kh4
Kf4 47. Kh3 Kxg5 48. Kg3 Kf5 49. Kf3 g5 50. Kg3 Ke4 51. Kg4 Kd3 52. Kxg5 Kc3
53. Kf4 Kxb3 54. Ke3 Kxc4 55. Kd2 Kb3 56. Kc1 c4 57. Kb1 c3 58. Kc1 c2 59. Kd2
Kb2 60. Ke3 c1=Q+ 61. Ke4 Qc3 62. Kf5 Qd4 63. Ke6 Kc3 64. Ke7 Qd5 65. Kf8 Qd7
66. Kg8 Kd4 67. Kh8 Ke5 68. Kg8 Kf6 69. Kh8 Qg7# 0-1

[Event "DEM U14w 2013"]
[Site "Oberhof GER"]
[Date "2013.05.21"]
[Round "5"]
[White "Lederer, Leia"]
[Black "Silber, Stefanie"]
[Result "1-0"]
[Termination "normal"]
[Board "14"]
[WhiteElo "1547"]
[BlackElo "1253"]
[PlyCount "119"]
[WhiteFideId "12926353"]
[BlackFideId "12918245"]
[EventCountry "GER"]
[EventRounds "9"]
[EventType "swiss"]
[EventDate "2013.05.18"]

1. e4 c6 2. Nc3 d5 3. Nf3 dxe4 4. Nxe4 Bf5 5. Ng3 Bg6 6. h4 h6 7. Ne5 Qd6 8.
Nxg6 Qxg6 9. d4 Qd6 10. Be3 e6 11. Bd3 Nf6 12. Qd2 Qc7 13. O-O-O Nbd7 14. Rhe1
O-O-O 15. Kb1 Bd6 16. Ne4 Nxe4 17. Bxe4 Nf6 18. Bf3 Kb8 19. c4 e5 20. c5 Be7
21. Qc3 exd4 22. Bxd4 Ka8 23. b4 Rhe8 24. a4 a6 25. b5 Nd5 26. Bxd5 Rxd5 27.
bxa6 bxa6 28. Ka2 Red8 29. Be5 Qc8 30. Rb1 Rxc5 31. Qb2 Qe6+ 32. Ka1 Qc8 33.
Re4 Rxe5 34. Rxe5 Bf6 35. f4 Bxe5 36. Qxe5 f6 37. Qe7 Rd7 38. Qe6 Qc7 39. Qc4
Qc8 40. Rb6 Rd1+ 41. Kb2 Ka7 42. Qc5 Rd5 43. Qe3 Ka8 44. Qe2 Ka7 45. Qe3 c5 46.
Rb3 Qd7 47. Ka3 Rd4 48. a5 Ra4+ 49. Kb2 Rxa5 50. Kc1 Qc7 51. Kb1 Rb5 52. Rxb5
axb5 53. g3 Qd6 54. f5 Qd1+ 55. Ka2 Qc2+ 56. Ka1 Qd1+ 57. Ka2 Qd5+ 58. Kb1
Qxf5+ 59. Ka2 Qe5 60. Qa3+ 1-0

[Event "DEM U14w 2013"]
[Site "Oberhof GER"]
[Date "2013.05.23"]
[Round "7"]
[White "Rogozenco, Teodora"]
[Black "Sieber, Fiona"]
[Result "1-0"]
[Termination "normal"]
[Board "2"]
[WhiteElo "1821"]
[BlackElo "1836"]
[PlyCount "111"]
[WhiteFideId "12938084"]
[BlackFideId "12902373"]
[EventCountry "GER"]
[EventRounds "9"]
[EventType "swiss"]
[EventDate "2013.05.18"]

1. d4 Nf6 2. c4 e6 3. Nc3 Bb4 4. Bg5 h6 5. Bh4 c5 6. d5 d6 7. e3 exd5 8. cxd5
Bf5 9. Qf3 Bg6 10. Bxf6 Qxf6 11. Qxf6 gxf6 12. Nge2 Nd7 13. Nf4 Ne5 14. Bb5+
Ke7 15. Ke2 Rac8 16. Bd3 Rhg8 17. Rhg1 a6 18. h4 Ba5 19. h5 Nxd3 20. Nxg6+ fxg6
21. Kxd3 gxh5 22. Ne2 b5 23. b3 c4+ 24. bxc4 Rxc4 25. Rac1 Rxc1 26. Nxc1 Rg5
27. e4 Bb6 28. Ke2 f5 29. Nd3 fxe4 30. Nf4 Bd4 31. g3 h4 32. Rd1 Be5 33. gxh4
Rg8 34. Ke3 Rc8 35. Ne6 Rc2 36. Kxe4 Rxf2 37. Rc1 Rxa2 38. Kf5 Rf2+ 39. Kg6
Rf6+ 40. Kh5 Bf4 41. Rc7+ Ke8 42. Rc8+ Kf7 43. Rf8+ Ke7 44. Rxf6 Kxf6 45. Nxf4
Ke5 46. Nd3+ Kxd5 47. Kxh6 a5 48. h5 a4 49. Kg5 b4 50. Nxb4+ Kc4 51. h6 Kxb4
52. h7 Kb3 53. h8=Q a3 54. Qa1 d5 55. Kf4 d4 56. Ke4 1-0

[Event "DEM U14w 2013"]
[Site "Oberhof GER"]
[Date "2013.05.23"]
[Round "7"]
[White "Wiesner, Paula"]
[Black "Wächter, Nathalie"]
[Result "1-0"]
[Termination "normal"]
[Board "3"]
[WhiteElo "1831"]
[BlackElo "1702"]
[PlyCount "87"]
[WhiteFideId "24654019"]
[BlackFideId "12921033"]
[EventCountry "GER"]
[EventRounds "9"]
[EventType "swiss"]
[EventDate "2013.05.18"]

1. d4 d5 2. c4 e6 3. Nc3 Nf6 4. cxd5 exd5 5. Bg5 Nbd7 6. e3 c6 7. Qc2 Be7 8.
Bd3 O-O 9. Nge2 Re8 10. O-O Nf8 11. f3 h6 12. Bh4 c5 13. Bxf6 Bxf6 14. dxc5
Rxe3 15. Rad1 Bxc3 16. Nxc3 Re8 17. Nxd5 Bd7 18. b4 Rb8 19. Be4 Qc8 20. Rfe1
Be6 21. Nc3 a6 22. Na4 Nd7 23. Rd6 Bf5 24. Qb1 Bxe4 25. Rxe4 Qc7 26. Qd1 Rxe4
27. fxe4 Nf8 28. Nc3 Qe7 29. Qd3 Qg5 30. Qg3 Qxg3 31. hxg3 Ne6 32. Rb6 Kf8 33.
c6 Ke8 34. Rxb7 Rc8 35. Rb6 Nd4 36. Rxa6 Nxc6 37. Nd5 Nd4 38. a4 Rb8 39. b5 f6
40. Ra7 Kf8 41. Rc7 Nxb5 42. axb5 Rxb5 43. Nf4 Rb4 44. Ne6+ 1-0

[Event "DEM U14w 2013"]
[Site "Oberhof GER"]
[Date "2013.05.23"]
[Round "7"]
[White "Simon, Tessa"]
[Black "Kempe, Anne"]
[Result "0-1"]
[Termination "normal"]
[Board "5"]
[WhiteElo "1547"]
[BlackElo "1782"]
[PlyCount "86"]
[WhiteFideId "12929395"]
[BlackFideId "12918083"]
[EventCountry "GER"]
[EventRounds "9"]
[EventType "swiss"]
[EventDate "2013.05.18"]

1. e4 c5 2. Nf3 d6 3. d4 cxd4 4. Nxd4 Nf6 5. Nc3 Nc6 6. f3 e5 7. Nb3 Be7 8. Be3
Be6 9. Nd5 Rc8 10. Qd2 O-O 11. c4 b6 12. Be2 Ne8 13. O-O f5 14. Rad1 f4 15. Bf2
Bh4 16. g3 fxg3 17. Bxg3 Bxg3 18. hxg3 Ne7 19. Kg2 Nxd5 20. cxd5 Bd7 21. Rh1
Qf6 22. Rh2 Qg6 23. Rdh1 Nf6 24. Bd3 Qf7 25. f4 g6 26. fxe5 dxe5 27. Rf1 Qg7
28. Kg1 Ng4 29. Rxf8+ Rxf8 30. Rg2 Qf7 31. Qe2 h5 32. Nd2 Rc8 33. Nf1 Qf8 34.
Qd2 Qc5+ 35. Kh1 Rf8 36. Qc2 Qxc2 37. Rxc2 Nf2+ 38. Kg2 Nxd3 39. Ne3 Nc5 40.
Nc4 Re8 41. Nd6 Re7 42. b4 Nd3 43. Rc7 Bh3+ 0-1

[Event "DEM U14w 2013"]
[Site "Oberhof GER"]
[Date "2013.05.23"]
[Round "7"]
[White "Moses, Selina"]
[Black "Denkert, Anna"]
[Result "1-0"]
[Termination "normal"]
[Board "6"]
[WhiteElo "1760"]
[BlackElo "1592"]
[PlyCount "41"]
[WhiteFideId "12908070"]
[BlackFideId "12938122"]
[EventCountry "GER"]
[EventRounds "9"]
[EventType "swiss"]
[EventDate "2013.05.18"]

1. e4 e6 2. d4 d5 3. Nd2 Nf6 4. e5 Nfd7 5. Bd3 c5 6. c3 Nc6 7. Ne2 cxd4 8. cxd4
f6 9. exf6 Nxf6 10. Nf3 Bd6 11. O-O O-O 12. Bf4 Nh5 13. Bxd6 Qxd6 14. Nc3 a6
15. Ng5 Nf6 16. Bb1 h6 17. Nf3 Ng4 18. g3 Qe7 19. Nh4 Qg5 20. f4 Qh5 21. Bg6
1-0

[Event "DEM U14w 2013"]
[Site "Oberhof GER"]
[Date "2013.05.23"]
[Round "7"]
[White "Ley, Sabrina"]
[Black "Schumann, Rabea"]
[Result "1/2-1/2"]
[Termination "normal"]
[Board "7"]
[WhiteElo "1479"]
[BlackElo "1497"]
[PlyCount "90"]
[WhiteFideId "12938130"]
[BlackFideId "12918199"]
[EventCountry "GER"]
[EventRounds "9"]
[EventType "swiss"]
[EventDate "2013.05.18"]

1. e4 c5 2. Nc3 Nc6 3. Bb5 Nd4 4. Bc4 a6 5. a4 e6 6. Nge2 Ne7 7. O-O Nec6 8.
Nxd4 Nxd4 9. d3 Be7 10. f4 b6 11. Ne2 Nxe2+ 12. Qxe2 Bb7 13. Qg4 g6 14. f5 Qc7
15. Bg5 Bxg5 16. Qxg5 Qd8 17. Qh6 Qf6 18. fxe6 Qd4+ 19. Kh1 fxe6 20. c3 Qe5 21.
Qh4 h5 22. Rf6 g5 23. Qf2 O-O-O 24. Rf1 d5 25. exd5 exd5 26. Ba2 Kc7 27. Rf5
Qe6 28. Rxg5 Rhf8 29. Rf5 Rxf5 30. Qxf5 Qxf5 31. Rxf5 Re8 32. Kg1 Re2 33. Bxd5
Bxd5 34. Rxd5 Rxb2 35. Rxh5 Rb3 36. g4 Rxc3 37. g5 Rxd3 38. Rh7+ Kc6 39. g6 Rd5
40. h4 Rd4 41. g7 Rg4+ 42. Kf2 c4 43. Rh6+ Kc7 44. Rh7 Kc6 45. Rh6+ Kc7 1/2-1/2

[Event "DEM U14w 2013"]
[Site "Oberhof GER"]
[Date "2013.05.23"]
[Round "7"]
[White "Diener, Carolin Valeria"]
[Black "Brandl, Lea"]
[Result "1/2-1/2"]
[Termination "normal"]
[Board "8"]
[WhiteElo "1730"]
[BlackElo "1708"]
[PlyCount "119"]
[WhiteFideId "24699063"]
[BlackFideId "24693049"]
[EventCountry "GER"]
[EventRounds "9"]
[EventType "swiss"]
[EventDate "2013.05.18"]

1. e4 c5 2. Nf3 d6 3. Bb5+ Bd7 4. Bxd7+ Qxd7 5. c4 Nc6 6. O-O e6 7. d4 cxd4 8.
Nxd4 Nf6 9. Nc3 Be7 10. Nc2 O-O 11. Bf4 Rac8 12. Qe2 Rfd8 13. Rad1 Qe8 14. Nb5
Qf8 15. Nc3 Ne5 16. Ne3 Nfd7 17. Bg3 Nb6 18. b3 a6 19. Kh1 Nbd7 20. Qd2 Nc5 21.
f4 Nc6 22. f5 Bg5 23. Bf4 Bxf4 24. Rxf4 Qe7 25. Rdf1 e5 26. Rg4 f6 27. Ned5 Qf8
28. Qh6 Kh8 29. Qh5 Qe8 30. Qh3 Rb8 31. Rh4 Qg8 32. Rf3 Rd7 33. Qg4 Rf7 34.
Rfh3 h6 35. Qg6 Nd7 36. Qg3 Nd4 37. Qf2 Nc6 38. Qe3 Nf8 39. Rg3 Qh7 40. Qd2 Rd8
41. Rgh3 Qg8 42. Qe2 Rb8 43. Ne3 Nh7 44. Qd2 Qf8 45. Rf3 Ng5 46. Rf1 Rd8 47.
Rg4 Ne7 48. h4 Nh7 49. Rg3 Qe8 50. Rh3 Qf8 51. g4 Qe8 52. Qh2 Ng8 53. Rg1 b5
54. g5 Rb7 55. gxh6 Nxh6 56. h5 Ng5 57. Rhg3 b4 58. Ncd5 Nxe4 59. Rg6 Qf8 60.
Qh4 1/2-1/2

[Event "DEM U14w 2013"]
[Site "Oberhof GER"]
[Date "2013.05.23"]
[Round "7"]
[White "Kast, Larissa"]
[Black "Kluge, Leyla"]
[Result "0-1"]
[Termination "normal"]
[Board "9"]
[WhiteElo "1680"]
[BlackElo "1678"]
[PlyCount "72"]
[WhiteFideId "24699055"]
[BlackFideId "12918172"]
[EventCountry "GER"]
[EventRounds "9"]
[EventType "swiss"]
[EventDate "2013.05.18"]

1. e4 c5 2. Nf3 Nc6 3. d4 cxd4 4. Nxd4 g6 5. Nc3 Bg7 6. Be3 Nf6 7. Bc4 d6 8. f3
O-O 9. Bb3 Nd7 10. Qd2 Nb6 11. Nce2 Ne5 12. O-O-O Nec4 13. Qd3 Nxe3 14. Qxe3 a5
15. c3 a4 16. Bc2 Nc4 17. Qg5 Qb6 18. b3 axb3 19. axb3 Ra1+ 20. Bb1 e5 21. b4
exd4 22. Nxd4 Bxd4 23. Rxd4 Qa6 24. Kc2 Qa4+ 25. Kd3 Ne5+ 26. Ke3 Qb3 27. Rdd1
Qxc3+ 28. Ke2 Qxb4 29. h4 Ra3 30. h5 f6 31. Qg3 g5 32. h6 Be6 33. f4 Rxg3 34.
fxg5 Qb2+ 35. Kf1 Qxg2+ 36. Ke1 Re3# 0-1

[Event "DEM U14w 2013"]
[Site "Oberhof GER"]
[Date "2013.05.23"]
[Round "7"]
[White "Döpper, Anna Berenice"]
[Black "Giede, Anna-Blume"]
[Result "1-0"]
[Termination "normal"]
[Board "10"]
[WhiteElo "1532"]
[BlackElo "1455"]
[PlyCount "83"]
[WhiteFideId "1271853"]
[BlackFideId "12921980"]
[EventCountry "GER"]
[EventRounds "9"]
[EventType "swiss"]
[EventDate "2013.05.18"]

1. e4 c6 2. d4 d5 3. exd5 cxd5 4. c4 Nf6 5. Nc3 Nc6 6. Bg5 Ne4 7. Nxe4 dxe4 8.
d5 Nb4 9. Qa4+ Qd7 10. Qxb4 e6 11. Qd2 exd5 12. Qxd5 Bb4+ 13. Bd2 Bxd2+ 14.
Qxd2 Qe7 15. Ne2 O-O 16. Ng3 f5 17. O-O-O Be6 18. Be2 Rac8 19. Kb1 Qc5 20. Qd4
Qa5 21. Nh5 Rc7 22. Nf4 Bf7 23. Nd5 Bxd5 24. Qxd5+ Qxd5 25. Rxd5 g6 26. Rhd1
Rff7 27. b4 Kg7 28. c5 a6 29. a4 Kf6 30. b5 axb5 31. axb5 Kg5 32. b6 Rc6 33.
Bb5 Rc8 34. Kb2 h5 35. Kc3 Re7 36. Kb4 Kg4 37. Be2+ Kh4 38. Rd7 Rxd7 39. Rxd7
Rb8 40. Kb5 Kg5 41. c6 bxc6+ 42. Kxc6 1-0

[Event "DEM U14w 2013"]
[Site "Oberhof GER"]
[Date "2013.05.23"]
[Round "7"]
[White "Lederer, Leia"]
[Black "Semenova, Alisa"]
[Result "0-1"]
[Termination "normal"]
[Board "11"]
[WhiteElo "1547"]
[BlackElo "1581"]
[PlyCount "112"]
[WhiteFideId "12926353"]
[BlackFideId "1272132"]
[EventCountry "GER"]
[EventRounds "9"]
[EventType "swiss"]
[EventDate "2013.05.18"]

1. e4 c5 2. Nf3 Nc6 3. d4 cxd4 4. Nxd4 g6 5. Nc3 Bg7 6. Be3 Nf6 7. Bc4 Qa5 8.
O-O O-O 9. Bb3 d6 10. h3 Bd7 11. Kh1 Rac8 12. f4 Qh5 13. Qxh5 Nxh5 14. Nde2
Bxc3 15. bxc3 b6 16. Rad1 Na5 17. Rf2 Bb5 18. Kh2 Bxe2 19. Rxe2 Rxc3 20. g4 Nf6
21. Bd4 Rc6 22. Ba4 Rc4 23. Bb3 Nxb3 24. cxb3 Rc6 25. f5 Rfc8 26. Rde1 Rc2 27.
Bxf6 exf6 28. h4 Kg7 29. h5 gxh5 30. gxh5 Kh6 31. Kg3 R8c3+ 32. Kf4 Rxe2 33.
Rxe2 Rh3 34. Rd2 Rxh5 35. Rxd6 Kg7 36. Rd7 Rh2 37. Rxa7 Rg2 38. a4 h5 39. Rb7
h4 40. Rxb6 h3 41. Kf3 Rg1 42. a5 h2 43. a6 h1=Q+ 44. Ke3 Re1+ 45. Kd4 Qxe4+
46. Kc5 Qa8 47. Kb4 Ra1 48. Kb5 Qd5+ 49. Kb4 Qa5+ 50. Kc4 Qxb6 51. b4 Qxa6+ 52.
b5 Qb6 53. Kb4 Rc1 54. Ka4 Rb1 55. Ka3 Qxb5 56. Ka2 Qb3# 0-1

[Event "DEM U14w 2013"]
[Site "Oberhof GER"]
[Date "2013.05.23"]
[Round "7"]
[White "Richardt, Angelina"]
[Black "Hacklinger, Dilan"]
[Result "1/2-1/2"]
[Termination "normal"]
[Board "12"]
[WhiteElo "1398"]
[BlackElo "1313"]
[PlyCount "97"]
[WhiteFideId "12938149"]
[BlackFideId "12952150"]
[EventCountry "GER"]
[EventRounds "9"]
[EventType "swiss"]
[EventDate "2013.05.18"]

1. e4 c5 2. Nc3 e6 3. g3 d5 4. exd5 exd5 5. d4 Nf6 6. Bg2 Be6 7. Nge2 c4 8. O-O
Be7 9. h3 Qd7 10. Kh2 Nc6 11. Nf4 O-O-O 12. Be3 h6 13. b3 cxb3 14. axb3 g5 15.
Nd3 Rdg8 16. Na4 h5 17. Nac5 Qd6 18. Nxe6 Qxe6 19. Qb1 h4 20. g4 Nd7 21. b4 a6
22. b5 Ncb8 23. bxa6 Nxa6 24. Qb3 Nb6 25. Rfb1 Bd8 26. Ra5 Nc7 27. Rc5 Nc4 28.
Qxb7+ Kd7 29. Bxd5 Qd6+ 30. Kh1 Nxe3 31. Bc6+ Ke7 32. Re5+ Kf8 33. fxe3 Rh6 34.
Rf1 f6 35. Nc5 Rg7 36. Qb6 Re7 37. Rxe7 Kxe7 38. Qb7 Qg3 39. Bg2 Qxe3 40. Qe4+
Qxe4 41. Nxe4 Ne6 42. d5 Nf4 43. c4 Kd7 44. d6 Ba5 45. Rc1 Nd3 46. Rd1 Nb2 47.
Rd4 Na4 48. c5 Nb2 49. Kh2 1/2-1/2

[Event "DEM U14w 2013"]
[Site "Oberhof GER"]
[Date "2013.05.23"]
[Round "7"]
[White "Silber, Stefanie"]
[Black "Müller, Sophie"]
[Result "1/2-1/2"]
[Termination "normal"]
[Board "13"]
[WhiteElo "1253"]
[BlackElo "1422"]
[PlyCount "64"]
[WhiteFideId "12918245"]
[BlackFideId "12926698"]
[EventCountry "GER"]
[EventRounds "9"]
[EventType "swiss"]
[EventDate "2013.05.18"]

1. e4 c5 2. c3 e6 3. d4 d5 4. exd5 exd5 5. Bd3 c4 6. Bc2 Nf6 7. Bf4 Be7 8. Nf3
O-O 9. O-O Bg4 10. Nbd2 Re8 11. Re1 Nbd7 12. h3 Bh5 13. Nf1 Nf8 14. Bh2 Bg6 15.
Bxg6 Nxg6 16. Ne5 Nxe5 17. dxe5 Ne4 18. Ng3 Nxg3 19. Bxg3 Bc5 20. Qf3 Qd7 21.
Rad1 Rad8 22. Bh4 Be7 23. Bxe7 Rxe7 24. Re2 Qc6 25. a3 a6 26. Kh2 b5 27. g3 Qc5
28. Qe3 Qxe3 29. Rxe3 Kf8 30. Kg2 Rdd7 31. f4 Ke8 32. Kf3 Kd8 1/2-1/2

[Event "DEM U14w 2013"]
[Site "Oberhof GER"]
[Date "2013.05.23"]
[Round "7"]
[White "Bach, Kira"]
[Black "Möller, Hannah"]
[Result "1-0"]
[Termination "normal"]
[Board "14"]
[WhiteElo "1465"]
[BlackElo "1600"]
[PlyCount "119"]
[WhiteFideId "12907677"]
[BlackFideId "1270514"]
[EventCountry "GER"]
[EventRounds "9"]
[EventType "swiss"]
[EventDate "2013.05.18"]

1. e4 c5 2. Nc3 a6 3. a4 b6 4. g3 Bb7 5. Bg2 Nf6 6. d3 e6 7. Nge2 Be7 8. O-O d5
9. exd5 exd5 10. Nf4 O-O 11. Qf3 Kh8 12. Nh5 Ra7 13. Nxf6 Bxf6 14. Nxd5 Qd6 15.
c4 Rd8 16. Qf5 Qe5 17. Qxe5 Bxe5 18. Nxb6 Bxg2 19. Kxg2 Rxd3 20. Re1 Nc6 21. f4
Re7 22. fxe5 Rxe5 23. Rxe5 Nxe5 24. Bf4 Rb3 25. Bxe5 Rxb6 26. Bc3 h6 27. Re1
Kh7 28. Re7 f6 29. Rc7 Kg8 30. Rxc5 Kf8 31. Kf3 Re6 32. Rc8+ Kf7 33. Rc7+ Kf8
34. c5 g6 35. Rd7 h5 36. Rd6 Rxd6 37. cxd6 f5 38. Kf4 Kf7 39. Ke5 Ke8 40. Kf6
Kd7 41. Bb4 a5 42. Bxa5 Kxd6 43. Kxg6 Ke5 44. b4 Kd5 45. Kxf5 Kc4 46. g4 hxg4
47. Kxg4 Kd5 48. Kg5 Kc6 49. h4 Kd6 50. h5 Ke7 51. b5 Kf7 52. b6 Kg7 53. h6+
Kh7 54. Kf5 Kxh6 55. b7 Kh7 56. b8=Q Kg7 57. Qd6 Kh8 58. Qd7 Kg8 59. Kg6 Kh8
60. Qg7# 1-0

[Event "DEM U14w 2013"]
[Site "Oberhof GER"]
[Date "2013.05.24"]
[Round "8"]
[White "Wiesner, Paula"]
[Black "Gatzke, Carolin"]
[Result "1/2-1/2"]
[Termination "normal"]
[Board "1"]
[WhiteElo "1831"]
[BlackElo "1608"]
[PlyCount "101"]
[WhiteFideId "24654019"]
[BlackFideId "12943746"]
[EventCountry "GER"]
[EventRounds "9"]
[EventType "swiss"]
[EventDate "2013.05.18"]

1. e4 c5 2. Nf3 a6 3. c3 d5 4. exd5 Qxd5 5. d4 Bg4 6. Be2 Nf6 7. O-O Nc6 8. c4
Qd6 9. d5 Bxf3 10. Bxf3 Nd4 11. Be3 Nf5 12. Re1 g6 13. Qd2 Nxe3 14. Qxe3 Bg7
15. Nc3 O-O 16. Qxe7 Qb6 17. Qe2 Ne8 18. Ne4 Nd6 19. Nxd6 Qxd6 20. Rab1 Rad8
21. Qe7 Qb6 22. b3 Bf6 23. Qe4 Qd6 24. a3 a5 25. Qe3 b6 26. Re2 Rd7 27. Rbe1
Rdd8 28. Qd2 Kg7 29. Re4 Kg8 30. Qe2 Bc3 31. Rc1 Bf6 32. Rb1 Kg7 33. Qe1 Bd4
34. Qe2 Bf6 35. Qe3 Bd4 36. Qe1 Kg8 37. Qe2 Kg7 38. Rc1 Bf6 39. Rc2 Bd4 40. Qe1
Bf6 41. Rce2 Qd7 42. Bg4 Qd6 43. Qd2 Rb8 44. Qe1 Rbd8 45. R2e3 Bg5 46. Re2 Bf6
47. Kh1 Bg5 48. Qf1 Bf6 49. Qe1 Bg5 50. Qc3+ Bf6 51. Qe1 1/2-1/2

[Event "DEM U14w 2013"]
[Site "Oberhof GER"]
[Date "2013.05.24"]
[Round "8"]
[White "Weis, Olga"]
[Black "Rogozenco, Teodora"]
[Result "1-0"]
[Termination "normal"]
[Board "2"]
[WhiteElo "1676"]
[BlackElo "1821"]
[PlyCount "67"]
[WhiteFideId "1270234"]
[BlackFideId "12938084"]
[EventCountry "GER"]
[EventRounds "9"]
[EventType "swiss"]
[EventDate "2013.05.18"]

1. e4 c5 2. Nf3 e6 3. d4 cxd4 4. Nxd4 Nf6 5. Nc3 Nc6 6. Be2 Bb4 7. O-O Bxc3 8.
bxc3 Nxe4 9. Nxc6 bxc6 10. Bd3 Nf6 11. Ba3 Qa5 12. Bb4 Qc7 13. Qf3 Bb7 14. Bc5
d6 15. Qg3 O-O-O 16. Qxg7 Nd5 17. Ba3 c5 18. Qh6 Rdg8 19. f3 c4 20. Be4 Qe7 21.
Rfe1 Qd8 22. Rab1 Rg6 23. Bxg6 hxg6 24. Qd2 Qh4 25. Bxd6 f5 26. Bg3 Qf6 27. Qe2
f4 28. Qxc4+ Kd8 29. Bf2 Qf7 30. Red1 Qh7 31. Qxf4 Ke8 32. Qb8+ Kf7 33. Rxb7+
Ne7 34. Qf4+ 1-0

[Event "DEM U14w 2013"]
[Site "Oberhof GER"]
[Date "2013.05.24"]
[Round "8"]
[White "Nobis, Anna"]
[Black "Kempe, Anne"]
[Result "1/2-1/2"]
[Termination "normal"]
[Board "4"]
[WhiteElo "1757"]
[BlackElo "1782"]
[PlyCount "58"]
[WhiteFideId "1270302"]
[BlackFideId "12918083"]
[EventCountry "GER"]
[EventRounds "9"]
[EventType "swiss"]
[EventDate "2013.05.18"]

1. e4 c5 2. Nf3 d6 3. Bb5+ Nc6 4. Bxc6+ bxc6 5. O-O e5 6. c3 f5 7. exf5 Bxf5 8.
d4 e4 9. Re1 d5 10. Qc2 Be7 11. Ne5 Qb6 12. Be3 Nf6 13. Nd2 O-O 14. b3 Bd6 15.
f4 Nd7 16. h3 Be6 17. Kh2 Be7 18. Rab1 Rac8 19. b4 c4 20. a4 a6 21. a5 Qd8 22.
Rf1 Qe8 23. Qd1 Nxe5 24. fxe5 Rxf1 25. Qxf1 Qg6 26. Qe2 Bh4 27. Bf4 Rf8 28. Qe3
Bd7 29. Rf1 Re8 1/2-1/2

[Event "DEM U14w 2013"]
[Site "Oberhof GER"]
[Date "2013.05.24"]
[Round "8"]
[White "Wächter, Nathalie"]
[Black "Sherif, Amina"]
[Result "1-0"]
[Termination "normal"]
[Board "5"]
[WhiteElo "1702"]
[BlackElo "1630"]
[PlyCount "97"]
[WhiteFideId "12921033"]
[BlackFideId "12911690"]
[EventCountry "GER"]
[EventRounds "9"]
[EventType "swiss"]
[EventDate "2013.05.18"]

1. e4 c5 2. Nf3 d6 3. d4 cxd4 4. Qxd4 Nc6 5. Bb5 Bd7 6. Bxc6 Bxc6 7. c4 Nf6 8.
Nc3 g6 9. O-O Bg7 10. h3 O-O 11. Qd3 b6 12. Nd4 Bb7 13. Be3 Rc8 14. Rac1 Qd7
15. b3 Rfd8 16. Rfd1 Ba8 17. f3 Qb7 18. Qd2 Qd7 19. Bh6 Bh8 20. Qe3 Qb7 21. Qf2
Re8 22. Nf5 Nh5 23. Ne3 Qc7 24. Ned5 Qd7 25. Be3 Nf6 26. Nxf6+ Bxf6 27. Bd4
Bxd4 28. Qxd4 Qc6 29. Nb5 Qb7 30. e5 dxe5 31. Qxe5 a6 32. Nc3 Qc6 33. Qe3 e6
34. Ne4 Red8 35. Qh6 e5 36. Ng5 Qf6 37. Qxh7+ Kf8 38. Qh6+ Ke7 39. Ne4 Bxe4 40.
fxe4 Rd6 41. Rf1 Qe6 42. Qh4+ Ke8 43. Qh8+ Ke7 44. Rxf7+ Qxf7 45. Qxc8 Qf4 46.
Rf1 Qe3+ 47. Kh1 Rd8 48. Qc7+ Rd7 49. Qxe5+ 1-0